000 00277nam a22001097a 4500
082 _a621.319 STR'P
100 _aVOPAT, W. A,STROTZKI, B. G. A
_977919
245 _aPOWER STATION ENGINEERING AND ECONOMY
260 _aNEWYORK
_bMCGRAW HILL
_c1960
300 _a751P
942 _cBK
999 _c583097
_d583097